| 000 -ლიდერი |
| ფიქსირებული სიგრძის საკონტროლო ველი |
02521nam a22002177a 4500 |
| 003 - საკონტროლო ნომრის იდენტიფიკატორი |
| საკონტროლო ველი |
Ge_BSU |
| 005 - ბოლო ოპერაციის თარიღი და დრო |
| საკონტროლო ველი |
20251203204118.0 |
| 008 - ფიქსირებული სიგრძის მონაცემთა ელემენტები - ზოგადი ინფორმაცია |
| ფიქსირებული სიგრძის საკონტროლო ველი |
251203s2020 ge ||||| |||| 00| 0 geo d |
| 020 ## - წიგნის საერთაშორისო სტანდარტული ნომერი |
| International Standard Book Number |
9790802101517 |
| 041 ## - ენის კოდი |
| Language code of text/sound track or separate title |
geo |
| 080 ## - უნივერსალური ათობითი კლასიფიკაციის ინდექსი |
| Universal Decimal Classification number |
784.4(479.22)(08)(075.4) ა-95 |
| 245 ## - ცნობა სათაურის შესახებ |
| Title |
აჭარული ხალხური სიმღერები [ნოტი] : |
| Remainder of title |
სანოტო კრებული სასწავლო აუდიოდისკით = Acharian Folk Songs : Collection of Sheet Music with CD for Self-Study / |
| Statement of responsibility, etc |
სერიის იდეის ავტორი და ხელმძღვანელი: ანზორ ერქომაიშვილი; რედაქტორი: რუსუდან წურწუმია; პროექტის ხელმძღვანელი და წიგნის შემდგენელი: ნინო რაზმაძე; აუდიომასალა გაშიფრა და სანოტო ტექსტი ელ. ვერსია მოამზადა: ლევან ვეშაპიძემ; მთარგმნელი: ერიკ ჰალვორსონი; დიზაინერი დავით ჯამრიშვილი; ფონდი ქართული გალობა; თბილისის ვ. სარაჯიშვილის სახელობის სახელმწიფო კონსერვატორიის ტრადიციული მრავალხმიანობის კვლევის საერთაშორისო ცენტრი; კულტურა მომავლისათვის. |
| 264 ## - წარმოების, გამოცემის, დისტრიბუციის და სხვა ცნობები |
| გამოცემის, წარმოების, დისტრიბუციის... ადგილი |
თბილისი, |
| გამოცემის, წარმოების, დისტრიბუციის... თარიღი |
2020. |
| 300 ## - ფიზიკური აღწერა |
| Extent |
133 გვ. : |
| Other physical details |
ილ. ; + 1 კომპაქტ-დისკი (CD-ROM) ; |
| Dimensions |
25 სმ |
| 490 ## - სერიის ცნობა |
| Series statement |
შევისწავლოთ ქართული ხალხური სიმღერა |
| 653 ## - INDEX TERM--UNCONTROLLED |
| Uncontrolled term |
ქართული ხალხური სიმღერები |
| 700 ## - ADDED ENTRY--PERSONAL NAME |
| Personal name |
ერქომაიშვილი ანზორ |
| Relator term |
სერიის იდეის ავტორი და ხელმძღვანელი. |
| 9 (RLIN) |
26346 |
| 700 ## - ADDED ENTRY--PERSONAL NAME |
| Personal name |
წურწუმია, რუსუდან |
| Relator term |
რედაქტორი |
| 9 (RLIN) |
26347 |
| 700 ## - ADDED ENTRY--PERSONAL NAME |
| Personal name |
რაზმაძე, ნინო |
| Relator term |
პროექტის ხელმძღვანელი |
| 9 (RLIN) |
17157 |
| 942 ## - ADDED ENTRY ELEMENTS (KOHA) |
| Source of classification or shelving scheme |
|
| Koha item type |
წიგნი |